000 00569nam a2200145 a 4500
008 101115s2002 ||||||||||||||||| || u
050 _aACU(02)2002/1
110 _aAssociation of Commonwealth Universities
245 1 0 _aACU review of 2002
260 _aLondon
_bAssociation of Commonwealth Universities
_c2002
300 _a40p. ;ill.
350 _a0.00
650 _aCOMMONWEALTH UNIVERSITIES--REPORTS
995 _D0.00
_FCBU-MAIN LIBRARY (Kitwe)
_H1
_I0.00
_M1
_UAVAILABLE
_WNov 15, 2010
_ZInternational Publications
999 _c33444
_d33444